US Presidents Without Letter I In Their Last Name - Statistics

General Stats
  • This quiz has been taken 55 times
  • The average score is 26 of 29
Answer Stats
Answer % Correct
Adams
100%
Adams
100%
Obama
100%
Kennedy
98%
Trump
98%
Bush
96%
Bush
96%
Jefferson
96%
Johnson
96%
Johnson
96%
Roosevelt
96%
Roosevelt
96%
Carter
94%
Ford
92%
Grant
92%
Reagan
92%
Cleveland
88%
Monroe
88%
Taylor
88%
Jackson
85%
Taft
85%
Hoover
83%
Polk
83%
Hayes
81%
Truman
81%
Buchanan
79%
Tyler
79%
Van Buren
79%
Arthur
73%
No matching quizzes found
Score Distribution
Percent of People with Each Score
Percentile by Number Answered
Your Score History
You have not taken this quiz